000 01281cam a2200217 4500
001 ABS67248
008 031126n2003 000 0 eng u
035 _a(Sirsi) u124472
100 _aDainty, A.
245 4 _aThe UK building education recruitment crisis: a call for action
260 _c2003
490 _aConstruction Management and Economics
_v21(7) October 2003, 767-775(9)
520 _aThis paper presents an analysis of application and admissions data to UK higher education courses over a six-year period. The results reveal a significant decline in the number of graduates applying for and accepting places on building degree courses during the analysis period despite increased micro-economic activity. The number of women graduates has remained fairly constant over this period. Concludes that industry practitioners, professional bodies and universities should embark upon a collaborative, immediate and sustained promotional campaign if they are to avoid severe recruitment difficulties in the future. Graphs, tables and references. [Adapted from journal abstract].
590 _aABS
650 _aQUALIFICATIONS
650 _aWOMEN IN SURVEYING
650 _aRECRUITMENT ISSUES
690 _aEDUCATION-CAREERS
700 _aEdwards, D.
942 _n0
999 _c73859
_d73859